Sites touristiques dans le monde - Statistiques

Statistiques générales
  • Ce quiz a été pris 90 fois
  • Le résultat moyen est 24 sur 53
Statistiques - réponses
Par images Réponse % Correct
Opéra de Sydney
92%
Statue de la liberté
89%
Colisée
85%
Mur de Berlin
85%
Taj Mahal
85%
Empire State Building
82%
Statue du Christ Rédempteur
82%
Central Park
79%
Big Ben
74%
Burj Khalifa
74%
Grande muraille de Chine
74%
Pyramides de Gizeh
73%
Cité interdite
69%
Grand Canyon
69%
Machu Picchu
69%
Times Square
65%
Chutes du Niagara
63%
Golden Gate Bridge
61%
Buckingham Palace
60%
Parthénon
60%
Fontaine de Trévi
56%
Sagrada Familia
52%
Mont Fuji
48%
Pétra
48%
Stonehenge
48%
Tour de Pise
48%
Atomium
45%
Mosquée Bleue
45%
Chichen Itza
44%
Angkor Vat
40%
Basilique Saint-Pierre
35%
Uluru / Ayers Rock
32%
Yellowstone
31%
Lincoln Memorial
27%
Parc national de Yosemite
27%
Tombouctou
27%
Alhambra
26%
Chutes Victoria
24%
Tours Pétronas
23%
Basilique Saint-Marc de Venise
21%
British Museum
19%
chutes d'Iguazu
18%
National Gallery
16%
Palais du Potala
15%
Temples d’Abou Simbel
13%
Tour CN de Toronto
13%
Taipei 101
8%
Temple de borobudur
8%
Cathédrale Basile-Le-Bienheureux
6%
Metropolitan Museum of Art
5%
Temple blanc
5%
Cau Vang
3%
Supertree Grove à Singapour
2%
Aucun quiz correspondant
Distribution des résultats
% des personnes avec chaque résultat
Percentile par nombre de réponses
Votre historique - résultats
Vous n’avez pas pris ce quiz